[Event "Medellin Easter op 10th"]
[Site "Medellin"]
[Date "2022.04.15"]
[Round "4"]
[White "Castro, Juan Pablo"]
[Black "Sanchez Ospina, William"]
[Result "0-1"]
[WhiteElo "1301"]
[BlackElo "1407"]
[PlyCount "90"]
[EventDate "2022.04.13"]
[EventType "swiss"]
[EventRounds "8"]
[EventCountry "COL"]
[SourceTitle "CBM 207 Extra"]
[Source "ChessBase"]
[SourceDate "2022.05.31"]
[SourceVersion "1"]
[SourceVersionDate "2022.05.31"]
[SourceQuality "1"]

1. e4 d6 2. d4 Nf6 3. Nc3 g6 4. f4 c6 5. h3 Bg7 6. Be3 0-0 7. Qd2 Qa5 8. g4 e5 9. dxe5 dxe5 10. fxe5 Qxe5 11. Bf4 Qa5 12. Be2 Rd8 13. Qe3 Re8 14. e5 Nd5 15. Qd4 Nxf4 16. Qxf4 Nd7 17. Nf3 Nxe5 18. 0-0 Be6 19. Ne4 Nxf3+ 20. Rxf3 Qe5 21. Qxe5 Bxe5 22. Nf6+ Bxf6 23. Rxf6 Rad8 24. Bd3 Kg7 25. Raf1 h6 26. h4 Rd4 27. R6f4 Red8 28. Be4 Bc4 29. R1f2 g5 30. hxg5 hxg5 31. Rf5 Rxe4 32. Rxg5+ Kf8 33. b3 Rd1+ 34. Kg2 Bd5 35. Kg3 Rg1+ 36. Kh4 Be6 37. Rd2 Rgxg4+ 38. Rxg4 Rxg4+ 39. Kh5 Kg7 40. Re2 Rg1 41. Re5 Rg2 42. Ra5 a6 43. c4 f5 44. Re5 Kf6 45. Re3 Rh2+ 0-1

[Event "Medellin Easter op 10th"]
[Site "Medellin"]
[Date "2022.04.15"]
[Round "5"]
[White "Manrique Bermudez, Josue"]
[Black "Castro, Juan Pablo"]
[Result "1-0"]
[WhiteElo "1494"]
[BlackElo "1301"]
[PlyCount "63"]
[EventDate "2022.04.13"]
[EventType "swiss"]
[EventRounds "8"]
[EventCountry "COL"]
[SourceTitle "CBM 207 Extra"]
[Source "ChessBase"]
[SourceDate "2022.05.31"]
[SourceVersion "1"]
[SourceVersionDate "2022.05.31"]
[SourceQuality "1"]

1. d4 c5 2. d5 Nf6 3. c4 d6 4. Nc3 e6 5. e4 exd5 6. cxd5 g6 7. Be2 Bg7 8. Bf4 a6 9. a4 Qa5 10. Qb1 0-0 11. Bd2 Qc7 12. Nf3 Re8 13. 0-0 Ng4 14. h3 Ne5 15. Qc1 Nxf3+ 16. Bxf3 f5 17. Re1 Qf7 18. Bf4 fxe4 19. Nxe4 Be5 20. Bxe5 Rxe5 21. Nxd6 Rxe1+ 22. Qxe1 Qf8 23. Nxc8 Qxc8 24. d6 Nc6 25. Bd5+ Kg7 26. Bxc6 Qxc6 27. Qe7+ Kg8 28. d7 Qc7 29. Qe8+ Rxe8 30. dxe8Q+ Kg7 31. Re1 Qf4 32. Qe5+ 1-0

[Event "Medellin Easter op 10th"]
[Site "Medellin"]
[Date "2022.04.14"]
[Round "3"]
[White "Ortiz Monsalve, Sebastian"]
[Black "Castro, Juan Pablo"]
[Result "1-0"]
[WhiteElo "1657"]
[BlackElo "1301"]
[PlyCount "57"]
[EventDate "2022.04.13"]
[EventType "swiss"]
[EventRounds "8"]
[EventCountry "COL"]
[SourceTitle "CBM 207 Extra"]
[Source "ChessBase"]
[SourceDate "2022.05.31"]
[SourceVersion "1"]
[SourceVersionDate "2022.05.31"]
[SourceQuality "1"]

1. e4 c5 2. Nf3 d6 3. d4 cxd4 4. Nxd4 Nf6 5. Nc3 e6 6. Be3 a6 7. f3 Be7 8. Qd2 e5 9. Nb3 Be6 10. 0-0-0 Nc6 11. g4 b5 12. g5 Nd7 13. Nd5 Bxd5 14. exd5 Ncb8 15. Kb1 Nb6 16. Na5 Qc7 17. h4 Na4 18. h5 Nd7 19. Nc6 Bd8 20. f4 Rc8 21. Bh3 Nab6 22. Bxb6 Qxb6 23. fxe5 Bc7 24. e6 fxe6 25. Bxe6 Rf8 26. Rde1 Rf2 27. Bxd7+ Kf8 28. Qxf2+ Qxf2 29. Rhf1 1-0